Statistiken für Flamingoarten nennen

Klicken Sie hier um das Quiz zu spielen!

Allgemein

  • Dieses Quiz wurde 5 mal gespielt
  • Das Durchschnittsergebnis liegt bei 5 aus 6

Antwortstatistiken

Antwort% Korrekt
Chileflamingo
100%
Rosaflamingo
100%
Andenflamingo
80%
Zwergflamingo
80%
Jamesflamingo
60%
Kubaflamingo
60%

Verteilung der Resultate

Perzentil nach korrekt beantworteten Fragen

Anzahl Personen mit jedem Resultat

Ihre Resultats-Entwicklung

Sie haben dieses Quiz noch nicht gespielt